[Event "Frankfurt-ch"]
[Site "Frankfurt"]
[Date "2006.05.08"]
[Round "3"]
[White "Schoenmann, Bernd"]
[Black "Schwabe, Manfred"]
[Result "1-0"]
[WhiteElo "1268"]
[BlackElo "1680"]
[PlyCount "93"]
[EventDate "2006.04.24"]
[EventType "swiss"]
[EventRounds "7"]
[EventCountry "GER"]
[SourceTitle "EXT 2007"]
[Source "ChessBase"]
[SourceDate "2006.11.23"]
[SourceVersion "1"]
[SourceVersionDate "2006.11.23"]
[SourceQuality "1"]

1. e4 e6 2. Nf3 c5 3. Bc4 Nc6 4. Nc3 a6 5. 0-0 b5 6. Be2 Nd4 7. d3 d6 8. Be3 e5 9. Nd5 Ne7 10. c3 Nxe2+ 11. Qxe2 Bg4 12. h3 Be6 13. c4 b4 14. Bg5 h6 15. Bh4 f6 16. Ne1 g5 17. Qh5+ Kd7 18. Nxf6+ Kc7 19. Bxg5 Bg7 20. Nd5+ Bxd5 21. Bxe7 Qxe7 22. cxd5 Raf8 23. Nc2 Bf6 24. Rac1 a5 25. Ne3 Bg5 26. Qe2 Qd7 27. Rc2 Rhg8 28. Qg4 Qe8 29. Nc4 a4 30. Qe6 Qd8 31. Nxe5 Rf6 32. Nc6 Qf8 33. Qe7+ Qxe7 34. Nxe7 Re8 35. Nf5 Bf4 36. Ng7 Rg8 37. Ne6+ Kb6 38. d4 cxd4 39. Rc6+ Kb7 40. Nxd4 Be5 41. Nc2 b3 42. axb3 axb3 43. Na3 Rfg6 44. g3 h5 45. Nc4 Bd4 46. Kg2 Ra8 47. Nxd6+ 1-0

[Event "Frankfurt-ch"]
[Site "Frankfurt"]
[Date "2006.04.24"]
[Round "1"]
[White "Schoenmann, Bernd"]
[Black "Noble, Fabian"]
[Result "0-1"]
[WhiteElo "1268"]
[BlackElo "1866"]
[PlyCount "98"]
[EventDate "2006.04.24"]
[EventType "swiss"]
[EventRounds "7"]
[EventCountry "GER"]
[SourceTitle "EXT 2007"]
[Source "ChessBase"]
[SourceDate "2006.11.23"]
[SourceVersion "1"]
[SourceVersionDate "2006.11.23"]
[SourceQuality "1"]

1. e4 d6 2. d4 Nf6 3. Bd3 c6 4. Bg5 Qa5+ 5. Bd2 Qb6 6. Bc3 Na6 7. Ne2 Nb4 8. 0-0 Nxd3 9. Qxd3 d5 10. e5 Ne4 11. Nd2 Bf5 12. Qf3 Nxd2 13. Bxd2 Bxc2 14. Bc3 e6 15. Ng3 Bg6 16. a3 Qb3 17. Rac1 Be7 18. Nh5 0-0 19. Rfe1 Rfc8 20. Nf6+ gxf6 21. exf6 Bf8 22. Qf4 Qb6 23. Bb4 Bxb4 24. axb4 Qxb4 25. Re3 Kf8 26. Rg3 Ke8 27. h4 Kd7 28. b3 h5 29. Qh6 Rh8 30. Qf4 Rhg8 31. Rcc3 Rae8 32. Qe5 Qd6 33. f4 Qxe5 34. fxe5 Be4 35. Rg7 Rxg7 36. fxg7 Rg8 37. Rg3 Bg6 38. Kf2 Rxg7 39. Ke3 Rg8 40. Rg5 b6 41. b4 a5 42. bxa5 bxa5 43. Kd2 a4 44. Rg3 Ra8 45. Ra3 c5 46. dxc5 Kc6 47. Ke3 Kxc5 48. Kd2 Kb4 49. Ra1 a3 0-1

[Event "Frankfurt-ch"]
[Site "Frankfurt"]
[Date "2005.06.13"]
[Round "7"]
[White "Schoenmann, Bernd"]
[Black "Witt, Holger"]
[Result "1-0"]
[WhiteElo "1230"]
[BlackElo "1476"]
[PlyCount "55"]
[EventDate "2005.04.25"]
[EventType "swiss"]
[EventRounds "7"]
[EventCountry "GER"]
[SourceTitle "EXT 2006"]
[Source "ChessBase"]
[SourceDate "2005.11.24"]
[SourceVersion "1"]
[SourceVersionDate "2005.11.24"]
[SourceQuality "1"]

1. e4 c5 2. Bc4 e6 3. Nf3 Qc7 4. Nc3 a6 5. a3 Nf6 6. d3 Be7 7. e5 Ng4 8. Bf4 Nc6 9. h3 Nh6 10. 0-0 d6 11. Re1 b5 12. Ba2 Bb7 13. Qd2 Nf5 14. Ne4 Ncd4 15. Nxd4 cxd4 16. g4 Nh4 17. Qd1 Qc6 18. exd6 Bf6 19. Bg3 Kd7 20. Bb3 Raf8 21. a4 Ra8 22. Bxh4 Bxh4 23. Qf3 Rhf8 24. a5 Ke8 25. Qf4 Kd8 26. g5 Bxg5 27. Qxg5+ Kd7 28. Qe7+ 1-0

[Event "Frankfurt-ch"]
[Site "Frankfurt"]
[Date "2005.05.02"]
[Round "2"]
[White "Proestler, Rene"]
[Black "Schoenmann, Bernd"]
[Result "1-0"]
[WhiteElo "1615"]
[BlackElo "1230"]
[PlyCount "31"]
[EventDate "2005.04.25"]
[EventType "swiss"]
[EventRounds "7"]
[EventCountry "GER"]
[SourceTitle "EXT 2006"]
[Source "ChessBase"]
[SourceDate "2005.11.24"]
[SourceVersion "1"]
[SourceVersionDate "2005.11.24"]
[SourceQuality "1"]

1. e4 e5 2. Nf3 Nc6 3. d4 f6 4. Nc3 a6 5. Bc4 Nge7 6. 0-0 b5 7. Bd5 Bb7 8. dxe5 Nxd5 9. exd5 Nxe5 10. Nxe5 fxe5 11. Qh5+ Ke7 12. Bg5+ Kd6 13. Bxd8 Rxd8 14. Rfd1 g5 15. Qxg5 Re8 16. Qf6+ 1-0

[Event "Frankfurt-ch"]
[Site "Frankfurt"]
[Date "2005.04.25"]
[Round "1"]
[White "Schoenmann, Bernd"]
[Black "Kind, Veronika"]
[Result "0-1"]
[WhiteElo "1230"]
[BlackElo "1803"]
[PlyCount "60"]
[EventDate "2005.04.25"]
[EventType "swiss"]
[EventRounds "7"]
[EventCountry "GER"]
[SourceTitle "EXT 2006"]
[Source "ChessBase"]
[SourceDate "2005.11.24"]
[SourceVersion "1"]
[SourceVersionDate "2005.11.24"]
[SourceQuality "1"]

1. b3 e5 2. Bb2 Nc6 3. e4 Nf6 4. Nc3 Bc5 5. Qe2 Nd4 6. Qd3 0-0 7. Nge2 Ng4 8. Na4 Nxe2 9. Nxc5 Nf4 10. Qg3 d6 11. Nd3 Qf6 12. Nxf4 exf4 13. Bxf6 fxg3 14. Bh4 Nxf2 15. Rg1 gxh2 16. Bxf2 hxg1Q 17. Bxg1 Re8 18. d3 d5 19. 0-0-0 Bg4 20. Re1 Re6 21. Bd4 dxe4 22. dxe4 Rd8 23. c3 b6 24. b4 Rde8 25. Bd3 Bf5 26. Re3 Bxe4 27. Bc4 Bd5 28. Rg3 Bxc4 29. Bxg7 Re1+ 30. Kb2 R8e2+ 0-1